000 00535nam a2200217Ia 4500
003 OSt
005 20140414093226.0
008 140130s9999 xx 000 0 und d
020 _a9780531070956
050 _aML 3930.P24
_b.R4 1992
100 _aRaschka, Chris
245 _aCharlie Parker played be bop /
_cChris Raschka.
260 _bScholastic,
_c1992.
_aNew York :
300 _a32 p. :
_bcol. ill. ;
_c24 cm.
440 _v1
521 _aBR
526 _c140
942 _cBK
_2lcc
999 _c39860
_d39860